Magnetic processes in astrophysics : theory, simulations, experiments /

In this work the authors draw upon their expertise in geophysical and astrophysical MHD to explore the motion of electrically conducting fluids, the so-called dynamo effect, and describe the similarities and differences between different magnetized objects. They also explain why magnetic fields are...

Πλήρης περιγραφή

Λεπτομέρειες βιβλιογραφικής εγγραφής
Κύριος συγγραφέας: Rüdiger, G. (Günther)
Άλλοι συγγραφείς: Kitchatinov, Leonid L., Hollerbach, Rainer
Μορφή: Ηλ. βιβλίο
Γλώσσα:English
Έκδοση: Weinheim, Germany : Wiley-VCH, 2013.
Θέματα:
Διαθέσιμο Online:Full Text via HEAL-Link
LEADER 03064nam a2200649 4500
001 ocn859161179
003 OCoLC
005 20170124072529.3
006 m o d
007 cr cn|||||||||
008 130831s2013 gw ad ob 001 0 eng d
040 |a E7B  |b eng  |e pn  |c E7B  |d OCLCO  |d CUS  |d CUI  |d DG1  |d N$T  |d YDXCP  |d OCLCF  |d RECBK  |d OCLCQ  |d COO  |d OCLCQ  |d LOA  |d GrThAP 
019 |a 883259803  |a 961667236  |a 962583594 
020 |a 9783527648924  |q (electronic bk.) 
020 |a 3527648925  |q (electronic bk.) 
020 |a 9783527648955  |q (electronic bk.) 
020 |a 352764895X  |q (electronic bk.) 
020 |a 9783527648948  |q (electronic bk.) 
020 |a 3527648941  |q (electronic bk.) 
020 |a 3527410341 
020 |a 9783527410347 
020 |z 9783527410347 
028 0 1 |a EB00229306  |b Recorded Books 
029 1 |a AU@  |b 000052185431 
029 1 |a CHBIS  |b 010441920 
029 1 |a CHVBK  |b 334089433 
029 1 |a DEBBG  |b BV041634208 
029 1 |a DEBBG  |b BV041829445 
029 1 |a NLGGC  |b 370174194 
029 1 |a NZ1  |b 15340087 
029 1 |a NZ1  |b 15905461 
035 |a (OCoLC)859161179  |z (OCoLC)883259803  |z (OCoLC)961667236  |z (OCoLC)962583594 
050 4 |a TK454.4.M3  |b R83 2013eb 
072 7 |a SCI  |x 004000  |2 bisacsh 
082 0 4 |a 523.0188  |2 23 
049 |a MAIN 
100 1 |a Rüdiger, G.  |q (Günther) 
245 1 0 |a Magnetic processes in astrophysics :  |b theory, simulations, experiments /  |c Günther Rüdiger, Leonid L. Kitchatinov, and Rainer Hollerbach. 
264 1 |a Weinheim, Germany :  |b Wiley-VCH,  |c 2013. 
300 |a 1 online resource (x, 346 pages :) :  |b illustrations (some color) 
336 |a text  |b txt  |2 rdacontent 
337 |a computer  |b c  |2 rdamedia 
338 |a online resource  |b cr  |2 rdacarrier 
504 |a Includes bibliographical references (pages 327-329) and index. 
588 0 |a Online resource; title from PDF title page (Wiley, viewed October 7, 2013). 
520 |a In this work the authors draw upon their expertise in geophysical and astrophysical MHD to explore the motion of electrically conducting fluids, the so-called dynamo effect, and describe the similarities and differences between different magnetized objects. They also explain why magnetic fields are crucial to the formation of the stars, and discuss promising experiments currently being designed to investigate some of the relevant physics in the laboratory. This interdisciplinary approach will appeal to a wide audience in physics, astrophysics and geophysics. This second edition covers such additional topics as small-scale dynamos, while also presenting the latest results and experiments. 
650 0 |a Magnetics. 
650 0 |a Astrophysics. 
650 7 |a SCIENCE  |x Astronomy.  |2 bisacsh 
650 7 |a Astrophysics.  |2 fast  |0 (OCoLC)fst00819797 
650 7 |a Magnetics.  |2 fast  |0 (OCoLC)fst01005823 
655 4 |a Electronic books. 
655 7 |a Electronic books.  |2 local 
700 1 |a Kitchatinov, Leonid L. 
700 1 |a Hollerbach, Rainer. 
856 4 0 |u https://doi.org/10.1002/9783527648924  |z Full Text via HEAL-Link 
994 |a 92  |b DG1